C-Letter Subdivisions of Asia - Statistics

General Stats
  • This quiz has been taken 18 times
    5 since last reset
  • The average score is 21 of 45
Answer Stats
Country Subdivision Type Answer % Correct
Israel District Central
100%
Sri Lanka Province Central
100%
Indonesia Province Central Java
100%
Indonesia Province Central Kalimantan
100%
Australia Overseas Territory Christmas Island
100%
Australia Overseas Territory Cocos (Keeling) Islands
100%
Philippines Region Central Luzon
75%
Indonesia Province Central Sulawesi
75%
India Territory Chandigarh
75%
Thailand Province Chiang Mai
75%
Japan Prefecture Chiba
75%
Bahrain Province Capital
50%
Philippines Region Central Visayas
50%
Thailand Province Chachoengsao
50%
North Korea Province Chagang
50%
India State Chhattisgarh
50%
Bhutan District Chhukha
50%
Thailand Province Chiang Rai
50%
Myanmar State Chin
50%
Bangladesh Division Chittagong
50%
Russia Area Chukotka
50%
Kyrgyzstan Region Chüy
50%
Vietnam City Cần Thơ
50%
Philippines Region Cagayan
25%
Vietnam Province Cà Mau
25%
Türkiye Province Çanakkale
25%
Türkiye Province Çankırı
25%
Vietnam Province Cao Bằng
25%
Philippines Region Caraga
25%
Iran Province Chaharmahal and Bakhtiari
25%
Thailand Province Chai Nat
25%
Thailand Province Chaiyaphum
25%
Laos Province Champasak
25%
Taiwan County Changhua
25%
Thailand Province Chanthaburi
25%
Russia Region Chelyabinsk
25%
Taiwan City Chiayi
25%
Taiwan County Chiayi
25%
Thailand Province Chonburi
25%
China Municipality Chongqing
25%
Thailand Province Chumphon
25%
Philippines Region Cordillera
25%
Türkiye Province Çorum
25%
East Timor Municipality Cova Lima
25%
Philippines Region Calabarzon
0%
No matching quizzes found
Score Distribution
Percent of People with Each Score
Percentile by Number Answered
Your Score History
You have not taken this quiz since the last reset